| 000 | 01971cam a2200517 4500 | ||
|---|---|---|---|
| 001 | 22578 | ||
| 005 | 20230410115435.0 | ||
| 008 | 060907s2005 mau eng | ||
| 035 | _9funglode22741 | ||
| 010 | _a 2004044917 | ||
| 035 | _a(OCoLC)ocm54454785 | ||
| 040 |
_aDLC _beng _cDLC _dBAKER _dNLGGC _dIG# _dBTCTA _dYDXCP _dOCLCG _dDEBBG _dOCLCQ |
||
| 020 | _a0072819065 (alk. paper) | ||
| 020 | _a9780072819069 (alk. paper) | ||
| 029 | 1 |
_aNLGGC _b261902687 |
|
| 029 | 1 |
_aIG# _b0072819065 |
|
| 029 | 1 |
_aYDXCP _b2100512 |
|
| 029 | 1 |
_aNZ1 _b8290992 |
|
| 029 | 1 |
_aAU@ _b000025321019 |
|
| 029 | 1 |
_aAU@ _b000028265450 |
|
| 029 | 1 |
_aIG# _b9780072819069 |
|
| 029 | 1 |
_aDEBBG _bBV019581638 |
|
| 035 | _a(OCoLC)54454785 | ||
| 042 | _apcc | ||
| 050 | 1 | 4 |
_aHD 62.4 _bP536i 2005 |
| 082 | 0 | 0 | _a658/.049 |
| 100 | 1 | _aPhatak, Arvind V. | |
| 245 | 1 | 0 |
_aInternational management : _bmanaging in a diverse and dynamic global environment / _cArvind V. Phatak, Rabi S. Bhagat, Roger J. Kashlak. |
| 260 |
_aBoston : _bMcGraw-Hill Irwin, _cc2005. |
||
| 300 |
_axxi, 579 p. : _bill. (some col.), col. maps ; _c26 cm. |
||
| 504 | _aIncludes bibliographical references and indexes. | ||
| 650 | 0 |
_aInternational business enterprises _xManagement. |
|
| 650 | 0 | _aStrategic planning. | |
| 650 | 0 | _aIntercultural communication. | |
| 650 | 0 |
_aDiversity in the workplace _xManagement. |
|
| 650 | 0 | _aIndustrial management. | |
| 650 | 0 |
_aInternational business enterprises _xManagement _vCase studies. |
|
| 700 | 1 |
_aBhagat, Rabi S., _d1950- |
|
| 700 | 1 | _aKashlak, Roger J. | |
| 856 | 4 | 2 |
_3Publisher description _uhttp://catdir.loc.gov/catdir/description/mh051/2004044917.html |
| 856 | 4 | 1 |
_3Table of contents _uhttp://catdir.loc.gov/catdir/toc/mh051/2004044917.html |
| 856 | 4 | 2 |
_3Contributor biographical information _uhttp://catdir.loc.gov/catdir/enhancements/fy0737/2004044917-b.html |
| 938 |
_aBaker and Taylor _bBTCP _n2004044917 |
||
| 942 |
_2lcc _cbk |
||
| 994 |
_aC0 _bDRFGD |
||
| 999 |
_c41217 _d41217 |
||